Yorkshire and Lincolnshire (Record no. 83470)
[ view plain ]
| 000 -LEADER | |
|---|---|
| fixed length control field | 01243cab a22002175a 4500 |
| 001 - CONTROL NUMBER | |
| control field | L154056 |
| 008 - FIXED-LENGTH DATA ELEMENTS--GENERAL INFORMATION | |
| fixed length control field | 111010e20111007xxk 000 0 eng d |
| 035 ## - SYSTEM CONTROL NUMBER | |
| System control number | (Sirsi) u154056 |
| 041 0# - LANGUAGE CODE | |
| Language code of text/sound track or separate title | eng |
| 100 1# - MAIN ENTRY--PERSONAL NAME | |
| Personal name | Sandher, Hardeep |
| 245 00 - TITLE STATEMENT | |
| Title | Yorkshire and Lincolnshire |
| 260 ## - PUBLICATION, DISTRIBUTION, ETC. | |
| Date of publication, distribution, etc. | 2011 |
| 490 #0 - SERIES STATEMENT | |
| Series statement | Property Week |
| Volume/sequential designation | 77(40) 7 October 2011, 41-48(5) |
| 520 ## - SUMMARY, ETC. | |
| Summary, etc. | Broad Street Plaza and Woolshops' schemes in Halifax will come to market in October. Drivers Jonas Deloitte's "Leeds Crane Survey" reports more activity but offers little help for the region's development market. Leeds occupiers hope to gain second rates cut from the new rating assessments in force in April 2010 and running for the next five years. The £140m mixed-use Merchant Gate development in Wakefield, the first speculative building for some years, has been let within 12 months of completion. Oakgate submits planning application for new stadium for York City FC. Chinese cultural theme park proposed for Rotherham. |
| 590 ## - LOCAL NOTE (RLIN) | |
| Local note | KA |
| 651 #4 - SUBJECT ADDED ENTRY--GEOGRAPHIC NAME | |
| Geographic name | Yorkshire |
| Chronological subdivision | 1888- |
| 651 #4 - SUBJECT ADDED ENTRY--GEOGRAPHIC NAME | |
| Geographic name | Lincolnshire |
| 690 ## - LOCAL SUBJECT ADDED ENTRY--TOPICAL TERM (OCLC, RLIN) | |
| Topical term or geographic name as entry element | PROPERTY-COMMERCIAL PROPERTY-COMMERCIAL PROPERTY MARKET |
| 690 ## - LOCAL SUBJECT ADDED ENTRY--TOPICAL TERM (OCLC, RLIN) | |
| Topical term or geographic name as entry element | PROPERTY-COMMERCIAL PROPERTY-COMMERCIAL PROPERTY FINANCE AND INVESTMENT |
| 942 ## - ADDED ENTRY ELEMENTS (KOHA) | |
| Suppress in OPAC | 0 |
| Withdrawn status | Lost status | Source of classification or shelving scheme | Damaged status | Not for loan | Home library | Current library | Shelving location | Date acquired | Total Checkouts | Full call number | Barcode | Date last seen | Copy number | Price effective from | Koha item type |
|---|---|---|---|---|---|---|---|---|---|---|---|---|---|---|---|
| Dewey Decimal Classification | London | London | Journal article | 10/10/2011 | L154056 | 154056-1001 | 06/08/2019 | 1 | 06/08/2019 | Journal article |